Abbina i piatti tipici alla regione (parte 3) - Statistics

Statistiche generali
  • Questo quiz è stato fatto 426 volte
  • Il punteggio medio è 13 su 20
Statistiche sulle risposte
Hint Risposta % Corretto
Pane Carasau Sardegna
94%
Cacio e Pepe Lazio
90%
Mortadella Emilia-Romagna
88%
Taralli Puglia
88%
Cipolla di Tropea Calabria
87%
Babbà Campania
87%
Spatzle Trentino Alto Adige
86%
Focaccia Liguria
82%
Gorgonzola Lombardia
77%
Cantucci Toscana
73%
Pasta alla Norma Sicilia
70%
Fonduta Valle d'Aosta
70%
Barolo Piemonte
69%
Bigoli Veneto
47%
Ciauscolo Marche
34%
Ventricina Abruzzo
26%
Crapiata Basilicata
25%
Pitina Friuli Venezia Giulia
25%
Arvoltolo Umbria
21%
Cacio in Asse Molise
19%
Nessun quiz corrispondente trovato
Distribuzione punteggi
Percentuale di utenti per punteggio
Percentile per numero di risposta
I tuoi punteggi nel tempo
Non hai fatto questo quiz